旧官幣大社 - Statistics

General Stats
  • This quiz has been taken 290 times
  • The average score is 19 of 58
Answer Stats
Pref. Answer % Correct
島根県 出雲大社
80%
茨城県 鹿島神宮
75%
東京都 明治神宮
75%
愛知県 熱田神宮
71%
北海道 北海道神宮
64%
奈良県 春日大社
62%
大阪府 住吉大社
60%
長野県 諏訪大社
59%
埼玉県 氷川神社
56%
千葉県 香取神宮
54%
京都府 伏見稲荷大社
54%
奈良県 橿原神宮
51%
鹿児島県 霧島神宮
51%
京都府 平安神宮
50%
京都府 賀茂別雷神社
47%
京都府 賀茂御祖神社
46%
大分県 宇佐神宮
44%
宮崎県 宮崎神宮
44%
福井県 気比神宮
43%
滋賀県 近江神宮
43%
静岡県 三嶋大社
42%
滋賀県 多賀大社
40%
京都府 八坂神社
39%
和歌山県 熊野本宮大社
35%
和歌山県 熊野速玉大社
33%
福岡県 宗像大社
33%
京都府 石清水八幡宮
32%
奈良県 大神神社
31%
静岡県 富士山本宮浅間大社
30%
熊本県 阿蘇神社
30%
奈良県 吉野神宮
28%
福岡県 筥崎宮
28%
鹿児島県 鹿児島神宮
27%
京都府 松尾大社
25%
宮崎県 鵜戸神宮
23%
山形県 月山神社
22%
東京都 日枝神社
20%
山口県 赤間神宮
20%
奈良県 石上神宮
19%
滋賀県 日吉大社
18%
福岡県 香椎宮
16%
大阪府 大鳥大社
15%
兵庫県 伊弉諾神宮
15%
千葉県 安房神社
14%
滋賀県 建部大社
14%
和歌山県 日前神宮
13%
大阪府 枚岡神社
13%
和歌山県 國懸神宮
10%
奈良県 龍田大社
10%
奈良県 丹生川上神社
10%
兵庫県 廣田神社
10%
京都府 平野神社
9%
京都府 白峯神宮
9%
大阪府 水無瀬神宮
9%
奈良県 大和神社
8%
大阪府 生國魂神社
8%
奈良県 廣瀬大社
7%
和歌山県 丹生都比売神社
6%
No matching quizzes found
Score Distribution
Percent of People with Each Score
Percentile by Number Answered
Your Score History
You have not taken this quiz